000
00253nam a2200109 a 4500
001
4144
005
20140414132004.0
008
090317s19uu xx 00 eng d
050
_a
TR
_b
C71 2004
245
_a
Colours :
_b
a wipe-clean book.
999
_c
113127
_d
113127